Keynesian economics (Record no. 71561)

MARC details
000 -LEADER
fixed length control field 01006cam a2200217 4500
001 - CONTROL NUMBER
control field ABS66138
008 - FIXED-LENGTH DATA ELEMENTS--GENERAL INFORMATION
fixed length control field 021113n2002 000 0 eng u
035 ## - SYSTEM CONTROL NUMBER
System control number (Sirsi) u120445
100 ## - MAIN ENTRY--PERSONAL NAME
Personal name Creasey, S.
245 ## - TITLE STATEMENT
Title Keynesian economics
260 ## - PUBLICATION, DISTRIBUTION, ETC.
Date of publication, distribution, etc. 2002
490 ## - SERIES STATEMENT
Series statement Property Week
Volume/sequential designation (67(43) 1 November 2002, 32-34(3)
520 ## - SUMMARY, ETC.
Summary, etc. Describes the plans for the redevelopment of the shopping centre in Milton Keynes by Hermes and Prudential. The plans are ambitions and include an expansion of existing retailers and the creation of larger units to attract new occupiers. Also there will be 60 000 new homes built doubling the population to around 500 000 by 20 years. If the plans are approved, building would start by winter 2003 with completion of the first phase scheduled for 2006.
590 ## - LOCAL NOTE (RLIN)
Local note ABS
650 ## - SUBJECT ADDED ENTRY--TOPICAL TERM
Topical term or geographic name entry element MILTON KEYNES
650 ## - SUBJECT ADDED ENTRY--TOPICAL TERM
Topical term or geographic name entry element SHOPPING CENTRE
650 ## - SUBJECT ADDED ENTRY--TOPICAL TERM
Topical term or geographic name entry element REDEVELOPMENT
650 ## - SUBJECT ADDED ENTRY--TOPICAL TERM
Topical term or geographic name entry element RETAIL DEVELOPMENT
690 ## - LOCAL SUBJECT ADDED ENTRY--TOPICAL TERM (OCLC, RLIN)
Topical term or geographic name as entry element PROPERTY-COMMERCIAL PROPERTY-RETAIL PROPERTY
942 ## - ADDED ENTRY ELEMENTS (KOHA)
Suppress in OPAC 0
Holdings
Withdrawn status Lost status Source of classification or shelving scheme Damaged status Not for loan Home library Current library Shelving location Date acquired Total Checkouts Full call number Barcode Date last seen Copy number Price effective from Koha item type
    Dewey Decimal Classification     London London Journal article 13/11/2002   ABS66138 120445-1001 06/08/2019 1 06/08/2019 Journal article